00000000cam 2200000zi 4500
0019.956240
003CaOODSP
00520251209115351
006m     o  d f      
007cr cn|||||||||
008251010t20252025quca    o    f000 0 eng d
020 |a9780660793023
040 |aCaOODSP|beng|erda|cCaOODSP
043 |an-cn---
0861 |aR122-104/2025E-PDF
24500|aBill S-2 : |bAn Act to amend the Indian Act (new registration entitlements) : information kit.
264 1|a[Gatineau, Quebec] : |bIndigenous Services Canada = Services aux Autochtones Canada, |c[2025]
264 4|c©2025
300 |a1 online resource (9 pages) : |billustrations
336 |atext|btxt|2rdacontent
337 |acomputer|bc|2rdamedia
338 |aonline resource|bcr|2rdacarrier
500 |aCover title.
500 |aIssued also in French under title: Projet de loi S-2 : Loi modifiant la Loi sur les Indiens (nouveaux droits à l'inscription) : trousse d'information.
61010|aCanada. |tIndian Act.
650 5|aFirst Nations|xLegal status, laws, etc.
650 5|aFirst Nations|xBand membership.
7101 |aCanada. |bIndigenous Services Canada, |eissuing body.
77508|tProjet de loi S-2 : |w(CaOODSP)9.956241
85640|qPDF|s1.80 MB|uhttps://publications.gc.ca/collections/collection_2025/sac-isc/R122-104-2025-eng.pdf